000 00844nam a22001937a 4500
999 _c11780
_d11780
003 AR-CdUCM
008 190405b ||||| |||| 00| 0 spa d
040 _aMUNICIPALIDAD PROVINCIAL DEL CUSCO
_cBIBLIOTECA MUNICIPAL DEL CUSCO
082 _a346.25 /
_bA18 / 1934
100 _aAcuña, Luis María
_929319
245 _aEl divorcio ante la razón, la historia y la estadística /
260 _aValparaiso :
_c1934.
300 _a214 paginas :
_c17 cm.
505 _aContenido :La familia-Su grandeza-Su regeneración -su importancia política social --El matrimonio y sus leyes fundamentales-unidad del matrimonio --Indisolubilidad del matrimonio --Indisolubilidad natural del matrimonio --Orígenes de la familia -datos históricos ...
650 _aDivorcio
_98382
650 _aMatrimonio
_916386
942 _2ddc
_cLIBROS
945 _arjall